Civils et Autres Élèves de My Hero Academia par images - Statistiques

Statistiques générales
  • Ce quiz a été pris 48 fois
  • Le résultat moyen est 13 sur 20
Statistiques - réponses
Par images Réponse % Correct
Eri
100%
Mirio Togata
90%
Hitoshi Shinso
87%
Fuyumi Todoroki
85%
Mei Hatsume
85%
Inko Midoriya
82%
Kota Izumi
82%
Natsuo Todoroki
82%
Rei Todoroki
82%
Nejire Hado
79%
Tamaki Amajiki
77%
Mitsuki Bakugo
72%
Kemi Utsushimi
62%
Yo Shindo
59%
Inasa Yoarashi
49%
Naomasa Tsukauchi
46%
Seiji Shishikura
31%
Hana Shimura
28%
Mera Yokumiru
23%
Bibimi Kenranzaki
18%
Aucun quiz correspondant
Distribution des résultats
% des personnes avec chaque résultat
Percentile par nombre de réponses
Votre historique - résultats
Vous n’avez pas pris ce quiz